[Event "XIX Najdorf Memorial 2019"]
[Site "Warsaw"]
[Date "2019.07.13"]
[Round "8.32"]
[White "Malovanyi, Yulian"]
[Black "Rosicki, Marcin"]
[Result "1/2-1/2"]
[WhiteElo "2204"]
[BlackElo "2026"]
[Annotator "ChessBase"]
[PlyCount "133"]
[EventDate "2019.07.06"]
[EventType "swiss"]
[EventCountry "POL"]
[SourceTitle "playchess.com"]
[Source "ChessBase"]
[SourceQuality "1"]
[TimeControl "40/5400+30:1800+30"]

1. e4 {[%emt 0:00:00]} e5 {[%emt 0:00:00]} 2. Bc4 {[%emt 0:00:44]} Nf6 {[%emt 0:00:00]} 3. d3 {[%emt 0:00:06]} c6 {[%emt 0:00:00]} 4. Nf3 {[%emt 0:00:08]} d5 {[%emt 0:00:01]} 5. Bb3 {[%emt 0:00:05]} Bd6 {[%emt 0:00:57]} 6. exd5 {[%emt 0:01:10]} cxd5 {[%emt 0:00:06]} 7. O-O {[%emt 0:00:16]} O-O {[%emt 0:00:08]} 8. Bg5 {[%emt 0:00:41]} Be6 {[%emt 0:00:27]} 9. Nc3 {[%emt 0:00:49]} Bc7 {[%emt 0:00:51]} 10. Nb5 {[%emt 0:01:15]} Nc6 {[%emt 0:01:43]} 11. Nxc7 {[%emt 0:00:47]} Qxc7 {[%emt 0:00:03]} 12. Bh4 {[%emt 0:01:38]} e4 {[%emt 0:27:57]} 13. Bg3 {[%emt 0:06:57]} Qa5 {[%emt 0:20:29]} 14. Ne5 {[%emt 0:03:50]} Rfe8 {[%emt 0:02:05]} 15. Nxc6 {[%emt 0:12:04]} bxc6 {[%emt 0:00:04]} 16. Bh4 {[%emt 0:10:07]} Bf5 {[%emt 0:03:20]} 17. Bxf6 {[%emt 0:00:59]} gxf6 {[%emt 0:00:04]} 18. dxe4 {[%emt 0:06:54]} Bxe4 {[%emt 0:08:29]} 19. c3 {[%emt 0:15:02]} Qc7 {[%emt 0:06:16]} 20. c4 {[%emt 0:10:55]} Qe5 {[%emt 0:03:06]} 21. cxd5 {[%emt 0:01:32]} cxd5 {[%emt 0:01:58]} 22. f3 {[%emt 0:00:24]} Bg6 {[%emt 0:00:05]} 23. Qd2 {[%emt 0:11:36]} d4 {[%emt 0:06:47]} 24. f4 {[%emt 0:03:14]} Qe3+ {[%emt 0:00:52]} 25. Qxe3 {[%emt 0:00:14]} dxe3 {[%emt 0:00:03]} 26. Rae1 {[%emt 0:08:56]} Bf5 {[%emt 0:06:50]} 27. Rf3 {[%emt 0:00:43]} Rad8 {[%emt 0:04:33]} 28. g4 {[%emt 0:02:10]} Bd7 {[%emt 0:04:28]} 29. Rfxe3 {[%emt 0:00:06]} Rxe3 {[%emt 0:00:03]} 30. Rxe3 {[%emt 0:00:01]} Bc6 {[%emt 0:00:06]} 31. Rc3 {[%emt 0:01:29]} Be4 {[%emt 0:00:41]} 32. Kf2 {[%emt 0:00:19]} Rd7 {[%emt 0:00:44]} 33. Ke3 {[%emt 0:00:38]} f5 {[%emt 0:00:16]} 34. gxf5 {[%emt 0:00:37]} Bxf5 {[%emt 0:00:05]} 35. Rc5 {[%emt 0:00:21]} Bb1 {[%emt 0:00:56]} 36. Rc1 {[%emt 0:00:38]} Bf5 {[%emt 0:00:21]} 37. Rc5 {[%emt 0:00:29]} Bb1 {[%emt 0:00:05]} 38. Rg5+ {[%emt 0:00:29]} Kf8 {[%emt 0:00:09]} 39. Rg1 {[%emt 0:00:27]} Bf5 {[%emt 0:00:20]} 40. Rg5 {[%emt 0:00:00]} Bb1 {[%emt 0:00:00]} 41. Rd5 {[%emt 0:06:09]} Re7+ {[%emt 0:03:31]} 42. Kf2 {[%emt 0:02:02]} Rc7 {[%emt 0:05:00]} 43. Rd4 {[%emt 0:05:29]} Rb7 {[%emt 0:03:16]} 44. Ke3 {[%emt 0:01:07]} Bf5 {[%emt 0:01:43]} 45. Kd2 {[%emt 0:00:57]} Be6 {[%emt 0:01:05]} 46. Bxe6 {[%emt 0:01:29]} fxe6 {[%emt 0:00:05]} 47. Kc3 {[%emt 0:00:53]} Ke7 {[%emt 0:00:05]} 48. b4 {[%emt 0:00:51]} Rb5 {[%emt 0:00:24]} 49. a4 {[%emt 0:01:42]} Rh5 {[%emt 0:01:05]} 50. Rd2 {[%emt 0:02:14]} Rf5 {[%emt 0:00:33]} 51. Rd4 {[%emt 0:02:43]} Rh5 {[%emt 0:00:05]} 52. Rc4 {[%emt 0:01:24]} Kd6 {[%emt 0:09:47]} 53. b5 {[%emt 0:00:34]} Rxh2 {[%emt 0:01:48]} 54. Rc6+ {[%emt 0:00:28]} Kd5 {[%emt 0:00:02]} 55. Ra6 {[%emt 0:02:06]} Rf2 {[%emt 0:02:31]} 56. Rxa7 {[%emt 0:01:44]} Rxf4 {[%emt 0:00:04]} 57. Kb3 {[%emt 0:00:44]} h5 {[%emt 0:00:20]} 58. Rh7 {[%emt 0:03:20]} h4 {[%emt 0:00:33]} 59. a5 {[%emt 0:04:05]} Rf3+ {[%emt 0:00:05]} 60. Kb2 {[%emt 0:00:23]} Kc5 {[%emt 0:01:18]} 61. b6 {[%emt 0:00:25]} Kb5 {[%emt 0:00:13]} 62. Rh5+ {[%emt 0:00:46]} Ka6 {[%emt 0:00:10]} 63. Rh8 {[%emt 0:00:30]} h3 {[%emt 0:05:28]} 64. Ra8+ {[%emt 0:00:13]} Kb7 {[%emt 0:00:03]} 65. Ra7+ {[%emt 0:00:08]} Kb8 {[%emt 0:00:10]} 66. a6 {[%emt 0:01:07]} Rf5 {[%emt 0:00:39]} 67. Rh7 {[%emt 0:00:29]} 1/2-1/2

[Event "XIX Najdorf Memorial 2019"]
[Site "Warsaw"]
[Date "2019.07.14"]
[Round "9.1"]
[White "Tomczak, Jacek"]
[Black "Heberla, Bartlomiej"]
[Result "1/2-1/2"]
[WhiteElo "2623"]
[BlackElo "2534"]
[Annotator "ChessBase"]
[PlyCount "39"]
[EventDate "2019.07.06"]
[EventType "swiss"]
[EventCountry "POL"]
[SourceTitle "playchess.com"]
[Source "ChessBase"]
[SourceQuality "1"]
[TimeControl "40/5400+30:1800+30"]

1. e4 {[%emt 0:00:00]} e5 {[%emt 0:00:00]} 2. Nf3 {[%emt 0:00:00]} Nf6 {[%emt 0:00:00]} 3. d4 {[%emt 0:00:00]} Nxe4 {[%emt 0:00:00]} 4. dxe5 {[%emt 0:00:00]} d5 {[%emt 0:00:08]} 5. Nbd2 {[%emt 0:00:00]} Nc5 {[%emt 0:00:04]} 6. Be2 {[%emt 0:00:00]} Be7 {[%emt 0:03:09]} 7. O-O {[%emt 0:00:08]} O-O {[%emt 0:00:14]} 8. Re1 {[%emt 0:00:17]} Nc6 {[%emt 0:13:04]} 9. c3 {[%emt 0:42:09]} d4 {[%emt 0:05:56]} 10. Nb1 {[%emt 0:13:31]} d3 {[%emt 0:12:20]} 11. Bf1 {[%emt 0:00:08]} Bg4 {[%emt 0:00:06]} 12. b4 {[%emt 0:04:18]} Nd7 {[%emt 0:00:39]} 13. Bf4 {[%emt 0:07:17]} f6 {[%emt 0:03:22]} 14. Qxd3 {[%emt 0:00:59]} Ndxe5 {[%emt 0:07:27]} 15. Nxe5 {[%emt 0:00:52]} Nxe5 {[%emt 0:00:14]} 16. Bxe5 {[%emt 0:05:58]} Qxd3 {[%emt 0:01:02]} 17. Bxd3 {[%emt 0:00:04]} fxe5 {[%emt 0:00:30]} 18. f3 {[%emt 0:00:05]} Bd7 {[%emt 0:04:11]} 19. Nd2 {[%emt 0:02:11]} Rfd8 {[%emt 0:02:05]} 20. Be4 {[%emt 0:16:37]} 1/2-1/2

[Event "XIX Najdorf Memorial 2019"]
[Site "Warsaw"]
[Date "2019.07.14"]
[Round "9.1"]
[White "Barski, Radoslaw"]
[Black "Tomaszewski, Kacper"]
[Result "1-0"]
[WhiteElo "2468"]
[BlackElo "2346"]
[Annotator "ChessBase"]
[PlyCount "107"]
[EventDate "2019.07.06"]
[EventType "swiss"]
[EventCountry "POL"]
[SourceTitle "playchess.com"]
[Source "ChessBase"]
[SourceQuality "1"]
[TimeControl "40/5400+30:1800+30"]

1. e4 {[%emt 0:00:10]} c6 {[%emt 0:00:00]} 2. d4 {[%emt 0:00:08]} d5 {[%emt 0:00:00]} 3. e5 {[%emt 0:00:19]} Bf5 {[%emt 0:00:00]} 4. h4 {[%emt 0:00:07]} Qb6 {[%emt 0:00:19]} 5. g4 {[%emt 0:06:30]} Bd7 {[%emt 0:00:07]} 6. Nc3 {[%emt 0:00:16]} h5 {[%emt 0:00:15]} 7. gxh5 {[%emt 0:06:27]} e6 {[%emt 0:00:33]} 8. Na4 {[%emt 0:00:59]} Qa5+ {[%emt 0:00:10]} 9. c3 {[%emt 0:00:12]} c5 {[%emt 0:00:28]} 10. Nxc5 {[%emt 0:00:07]} Bxc5 {[%emt 0:00:08]} 11. dxc5 {[%emt 0:00:05]} Qxc5 {[%emt 0:00:10]} 12. Qg4 {[%emt 0:02:00]} Kf8 {[%emt 0:01:48]} 13. Nf3 {[%emt 0:11:25]} f5 {[%emt 0:01:32]} 14. Qg5 {[%emt 0:09:35]} Nc6 {[%emt 0:07:30]} 15. Be3 {[%emt 0:07:44]} Qe7 {[%emt 0:02:28]} 16. Be2 {[%emt 0:00:33]} Nh6 {[%emt 0:07:40]} 17. b4 {[%emt 0:09:32]} b6 {[%emt 0:00:07]} 18. b5 {[%emt 0:00:07]} Nd8 {[%emt 0:03:35]} 19. Qxe7+ {[%emt 0:02:48]} Kxe7 {[%emt 0:00:07]} 20. Nd4 {[%emt 0:00:59]} Ndf7 {[%emt 0:07:05]} 21. Bg5+ {[%emt 0:01:35]} Kf8 {[%emt 0:01:40]} 22. f4 {[%emt 0:01:14]} Nd8 {[%emt 0:00:38]} 23. Bxd8 {[%emt 0:05:57]} Rxd8 {[%emt 0:00:07]} 24. Rg1 {[%emt 0:00:06]} Ng4 {[%emt 0:08:05]} 25. Bxg4 {[%emt 0:00:15]} fxg4 {[%emt 0:00:03]} 26. Rxg4 {[%emt 0:00:14]} Rxh5 {[%emt 0:00:04]} 27. Kd2 {[%emt 0:01:05]} Kf7 {[%emt 0:00:08]} 28. a4 {[%emt 0:02:31]} a5 {[%emt 0:00:38]} 29. bxa6 {[%emt 0:01:26]} Ra8 {[%emt 0:00:04]} 30. Rag1 {[%emt 0:00:28]} Rh7 {[%emt 0:00:18]} 31. Rg6 {[%emt 0:01:45]} Rxa6 {[%emt 0:01:09]} 32. f5 {[%emt 0:00:09]} exf5 {[%emt 0:00:22]} 33. e6+ {[%emt 0:00:42]} Bxe6 {[%emt 0:00:04]} 34. Rxe6 {[%emt 0:05:58]} Rxh4 {[%emt 0:01:34]} 35. Reg6 {[%emt 0:02:41]} Rg4 {[%emt 0:08:08]} 36. R6xg4 {[%emt 0:00:15]} fxg4 {[%emt 0:00:05]} 37. Rxg4 {[%emt 0:00:03]} Rxa4 {[%emt 0:00:07]} 38. Rg5 {[%emt 0:00:01]} Ra5 {[%emt 0:00:21]} 39. Rf5+ {[%emt 0:00:27]} Kg6 {[%emt 0:02:47]} 40. Re5 {[%emt 0:00:00]} Kh6 {[%emt 0:00:00]} 41. Nf5+ {[%emt 0:05:27]} Kg5 {[%emt 0:03:06]} 42. Ne3+ {[%emt 0:00:46]} Kf4 {[%emt 0:00:20]} 43. Rxd5 {[%emt 0:00:36]} g5 {[%emt 0:00:10]} 44. Kd3 {[%emt 0:02:10]} Kf3 {[%emt 0:09:52]} 45. Rxa5 {[%emt 0:01:28]} bxa5 {[%emt 0:00:05]} 46. c4 {[%emt 0:00:02]} Kf4 {[%emt 0:00:47]} 47. c5 {[%emt 0:01:45]} Ke5 {[%emt 0:00:43]} 48. Kc4 {[%emt 0:00:05]} a4 {[%emt 0:00:54]} 49. Kb4 {[%emt 0:00:15]} Kd4 {[%emt 0:01:34]} 50. c6 {[%emt 0:00:29]} Kxe3 {[%emt 0:00:06]} 51. c7 {[%emt 0:00:02]} g4 {[%emt 0:00:07]} 52. c8=Q {[%emt 0:00:08]} g3 {[%emt 0:00:03]} 53. Qc5+ {[%emt 0:00:01]} Kf3 {[%emt 0:00:08]} 54. Qg1 {[%emt 0:00:06]} 1-0

[Event "XIX Najdorf Memorial 2019"]
[Site "Warsaw"]
[Date "2019.07.14"]
[Round "9.2"]
[White "Shevchenko, Kirill"]
[Black "Sedlak, Nikola"]
[Result "1/2-1/2"]
[WhiteElo "2536"]
[BlackElo "2586"]
[Annotator "ChessBase"]
[PlyCount "31"]
[EventDate "2019.07.06"]
[EventType "swiss"]
[EventCountry "POL"]
[SourceTitle "playchess.com"]
[Source "ChessBase"]
[SourceQuality "1"]
[TimeControl "40/5400+30:1800+30"]

1. d4 {[%emt 0:00:00]} e6 {[%emt 0:05:25]} 2. e4 {[%emt 0:00:00]} d5 {[%emt 0:00:08]} 3. Nc3 {[%emt 0:00:00]} dxe4 {[%emt 0:01:21]} 4. Nxe4 {[%emt 0:00:00]} Bd7 {[%emt 0:00:12]} 5. Nf3 {[%emt 0:00:47]} Bc6 {[%emt 0:00:09]} 6. Bd3 {[%emt 0:00:18]} Nd7 {[%emt 0:00:12]} 7. O-O {[%emt 0:01:19]} Bxe4 {[%emt 0:00:36]} 8. Bxe4 {[%emt 0:00:05]} c6 {[%emt 0:00:06]} 9. c4 {[%emt 0:10:02]} Ngf6 {[%emt 0:00:20]} 10. Bd3 {[%emt 0:04:18]} g6 {[%emt 0:00:14]} 11. b3 {[%emt 0:05:23]} Bg7 {[%emt 0:00:22]} 12. Ba3 {[%emt 0:02:17]} Bf8 {[%emt 0:00:09]} 13. Bb2 {[%emt 0:01:23]} Bg7 {[%emt 0:00:08]} 14. Ba3 {[%emt 0:07:27]} Bf8 {[%emt 0:00:09]} 15. Bb2 {[%emt 0:17:31]} Bg7 {[%emt 0:00:19]} 16. Ba3 {[%emt 0:00:43]} 1/2-1/2

[Event "XIX Najdorf Memorial 2019"]
[Site "Warsaw"]
[Date "2019.07.14"]
[Round "9.2"]
[White "Oglaza, Oskar"]
[Black "Abdumalik, Zhansaya"]
[Result "1-0"]
[WhiteElo "2345"]
[BlackElo "2458"]
[Annotator "ChessBase"]
[PlyCount "77"]
[EventDate "2019.07.06"]
[EventType "swiss"]
[EventCountry "POL"]
[SourceTitle "playchess.com"]
[Source "ChessBase"]
[SourceQuality "1"]
[TimeControl "40/5400+30:1800+30"]

1. e4 c5 2. Nf3 a6 3. Nc3 b5 4. d4 cxd4 5. Nxd4 Bb7 6. Bd3 Nc6 7. Nxc6 dxc6 8. Qe2 e6 9. e5 Ne7 10. O-O Qc7 11. f4 Nf5 12. Bxf5 exf5 13. Be3 b4 14. Na4 c5 15. Qf2 Rc8 16. c3 Bc6 17. Nxc5 bxc3 18. b4 a5 19. a3 Be7 20. Rfc1 Ra8 21. Qc2 O-O 22. Qxc3 Rfc8 23. Qd3 Bxc5 24. Bxc5 Be4 25. Qg3 Qb7 26. Rd1 Ra6 27. Rd6 axb4 28. Rad1 Rxd6 29. exd6 b3 30. d7 Rd8 31. Bd4 f6 32. Bxf6 Qb6+ 33. Bd4 Rxd7 34. Bxb6 Rxd1+ 35. Kf2 Rd2+ 36. Ke1 b2 37. Qb3+ Kf8 38. Bc5+ Ke8 39. Qe6+ 1-0

[Event "XIX Najdorf Memorial 2019"]
[Site "Warsaw"]
[Date "2019.07.14"]
[Round "9.3"]
[White "Ali Marandi, Cemil Can"]
[Black "Dragun, Kamil"]
[Result "0-1"]
[WhiteElo "2527"]
[BlackElo "2604"]
[Annotator "ChessBase"]
[PlyCount "72"]
[EventDate "2019.07.06"]
[EventType "swiss"]
[EventCountry "POL"]
[SourceTitle "playchess.com"]
[Source "ChessBase"]
[SourceQuality "1"]
[TimeControl "40/5400+30:1800+30"]

1. d4 {[%emt 0:02:06]} Nf6 {[%emt 0:00:00]} 2. Bf4 {[%emt 0:00:17]} g6 {[%emt 0:00:00]} 3. Nc3 {[%emt 0:00:33]} d5 {[%emt 0:00:07]} 4. e3 {[%emt 0:00:17]} Bg7 {[%emt 0:00:42]} 5. h4 {[%emt 0:00:09]} c6 {[%emt 0:01:21]} 6. Be2 {[%emt 0:03:17]} h5 {[%emt 0:00:12]} 7. Nf3 {[%emt 0:00:41]} Bg4 {[%emt 0:00:25]} 8. Ne5 {[%emt 0:00:53]} Bxe2 {[%emt 0:00:52]} 9. Qxe2 {[%emt 0:00:06]} Nbd7 {[%emt 0:01:52]} 10. O-O-O {[%emt 0:06:44]} Rc8 {[%emt 0:09:17]} 11. Nxd7 {[%emt 0:05:24]} Nxd7 {[%emt 0:08:53]} 12. e4 {[%emt 0:02:29]} Nb6 {[%emt 0:00:33]} 13. Be5 {[%emt 0:05:04]} Kf8 {[%emt 0:10:08]} 14. Bxg7+ {[%emt 0:08:13]} Kxg7 {[%emt 0:00:11]} 15. g4 {[%emt 0:00:04]} e6 {[%emt 0:02:21]} 16. Rdg1 {[%emt 0:05:07]} c5 {[%emt 0:05:27]} 17. exd5 {[%emt 0:28:46]} cxd4 {[%emt 0:02:28]} 18. Qe5+ {[%emt 0:02:41]} Qf6 {[%emt 0:00:25]} 19. Qxf6+ {[%emt 0:00:32]} Kxf6 {[%emt 0:00:02]} 20. Ne4+ {[%emt 0:00:34]} Ke5 {[%emt 0:00:19]} 21. Re1 {[%emt 0:10:20]} hxg4 {[%emt 0:23:46]} 22. dxe6 {[%emt 0:01:58]} Kxe6 {[%emt 0:00:12]} 23. Ng5+ {[%emt 0:00:55]} Kf6 {[%emt 0:00:01]} 24. Re4 {[%emt 0:02:03]} d3 {[%emt 0:00:17]} 25. Rf4+ {[%emt 0:00:57]} Ke5 {[%emt 0:00:33]} 26. Rxf7 {[%emt 0:00:05]} Rxc2+ {[%emt 0:00:43]} 27. Kb1 {[%emt 0:00:14]} Nd5 {[%emt 0:12:53]} 28. f4+ {[%emt 0:10:22]} Kd4 {[%emt 0:02:16]} 29. f5 {[%emt 0:01:40]} gxf5 {[%emt 0:01:56]} 30. Rxf5 {[%emt 0:00:05]} Re8 {[%emt 0:00:20]} 31. Rd1 {[%emt 0:02:22]} Ree2 {[%emt 0:01:17]} 32. Rxd5+ {[%emt 0:00:30]} Kxd5 {[%emt 0:00:06]} 33. Rxd3+ {[%emt 0:00:02]} Kc6 {[%emt 0:02:48]} 34. Rb3 {[%emt 0:00:16]} Rc5 {[%emt 0:00:51]} 35. a4 {[%emt 0:00:19]} Rc4 {[%emt 0:02:12]} 36. Rd3 {[%emt 0:01:23]} Rb4 {[%emt 0:00:31]} 0-1

[Event "XIX Najdorf Memorial 2019"]
[Site "Warsaw"]
[Date "2019.07.14"]
[Round "9.3"]
[White "Baum, Jonasz"]
[Black "Socko, Monika"]
[Result "1/2-1/2"]
[WhiteElo "2308"]
[BlackElo "2443"]
[Annotator "ChessBase"]
[PlyCount "216"]
[EventDate "2019.07.06"]
[EventType "swiss"]
[EventCountry "POL"]
[SourceTitle "playchess.com"]
[Source "ChessBase"]
[SourceQuality "1"]
[TimeControl "40/5400+30:1800+30"]

1. d4 Nf6 2. c4 e6 3. g3 c5 4. Nf3 cxd4 5. Nxd4 d5 6. Bg2 e5 7. Nf3 d4 8. O-O Nc6 9. e3 Be7 10. exd4 exd4 11. Bf4 O-O 12. Ne5 Qb6 13. Nd2 Be6 14. Qb3 Rac8 15. Qxb6 axb6 16. Ndf3 Rfd8 17. b3 Ne4 18. Rfe1 Nc3 19. Nxc6 bxc6 20. Ne5 d3 21. Nxc6 Rxc6 22. Bxc6 d2 23. Red1 Ne2+ 24. Kf1 Nxf4 25. gxf4 Bf6 26. Ke2 Bf5 27. Bd5 Bc3 28. f3 Bc2 29. Be4 Re8 30. Kf2 Bd4+ 31. Ke2 Bxa1 32. Rxa1 d1=Q+ 33. Rxd1 Bxd1+ 34. Kxd1 Re6 35. Kc2 Rh6 36. b4 Kf8 37. Kb3 Ke7 38. a4 Rxh2 39. c5 bxc5 40. b5 c4+ 41. Kxc4 Ra2 42. Kb3 Ra1 43. Bxh7 g6 44. f5 g5 45. Kb4 Kd6 46. f6 Rf1 47. a5 g4 48. fxg4 Rf4+ 49. Kc3 Rxg4 50. a6 Kc5 51. Bc2 Rg3+ 52. Kb2 Kb6 53. Bb3 Rg5 54. Bxf7 Rxb5+ 55. Ka1 Rf5 56. Ba2 Rxf6 57. a7 Kxa7 58. Bb1 Kb6 59. Ba2 Kc5 60. Bb1 Rf1 61. Kb2 Kb4 62. Ka1 Rf6 63. Kb2 Rd6 64. Bh7 Rf6 65. Bb1 Rf3 66. Bh7 Rb3+ 67. Ka1 Kc3 68. Bb1 Rb4 69. Ba2 Kc2 70. Bf7 Rg4 71. Be6 Rg1+ 72. Ka2 Rg5 73. Ka1 Re5 74. Bf7 Re7 75. Bg6+ Kb3 76. Bf5 Re5 77. Bg6 Ra5+ 78. Kb1 Rg5 79. Bf7+ Ka3 80. Kc2 Rc5+ 81. Kd3 Kb4 82. Kd4 Rc7 83. Be6 Rc1 84. Bf7 Rd1+ 85. Ke5 Rf1 86. Ba2 Rf2 87. Bb1 Kc4 88. Bg6 Re2+ 89. Kf6 Kd5 90. Bh7 Rf2+ 91. Kg7 Ke6 92. Bg8+ Ke7 93. Bd5 Rf5 94. Be4 Rg5+ 95. Kh8 Kf7 96. Bh7 Rg2 97. Bd3 Rg8+ 98. Kh7 Rg3 99. Bc4+ Kf6 100. Kh8 Rh3+ 101. Kg8 Rc3 102. Ba2 Ra3 103. Bc4 Kg6 104. Bf7+ Kh6 105. Kh8 Rh3 106. Kg8 Rf3 107. Kf8 Re3 108. Kg8 Re7 1/2-1/2

[Event "XIX Najdorf Memorial 2019"]
[Site "Warsaw"]
[Date "2019.07.14"]
[Round "9.4"]
[White "Efimenko, Zahar"]
[Black "Budrewicz, Krzysztof"]
[Result "1-0"]
[WhiteElo "2631"]
[BlackElo "2188"]
[Annotator "TA"]
[PlyCount "51"]
[EventDate "2019.07.06"]
[EventType "swiss"]
[EventCountry "POL"]
[SourceTitle "playchess.com"]
[Source "ChessBase"]
[SourceQuality "1"]

{[%evp 11,51,51,60,55,51,14,66,33,33,37,71,86,101,95,77,43,51,68,62,31,14,29,152,145,189,190,207,223,213,88,100,77,91,116,344,343,645,622,617,608,582,579]} 1. e4 g6 2. d4 Bg7 3. Nc3 d6 4. f4 a6 5. Nf3 b5 6. Bd3 Nd7 7. a4 {B06: Modern Defence} b4 8. Nd5 a5 (8... c5 $11) 9. c3 $146 {White is slightly better.} ({Predecessor:} 9. O-O Bb7 10. c3 e6 11. Ne3 Ngf6 12. e5 Nd5 13. Ng5 Nxe3 14. Bxe3 Qe7 15. cxb4 axb4 {½-½ (38) Stukopin,A (2544)-Malakhov,V (2717) Yerevan 2014}) 9... e6 10. Ne3 bxc3 11. bxc3 Ne7 12. O-O O-O 13. Rb1 Ba6 14. Bxa6 Rxa6 15. f5 exf5 16. exf5 d5 (16... Rb6 $11 {remains equal.} 17. Rxb6 Nxb6) 17. Ba3 $36 {[%mdl 2048] Black is under strong pressure.} Re8 {With the idea ...Bh6.} 18. Qd3 $1 {[%cal Rd3a6]} Ra8 19. fxg6 hxg6 {[#]} 20. Bxe7 (20. h4 $1 $18 {and the rest is easy.}) 20... Qxe7 21. Nxd5 {[%mdl 64] Double Attack} Qd6 {[#]} 22. Qc4 $1 Rf8 $2 (22... c6 $16 {was necessary.} 23. Nb6 Ra7 24. Nxd7 Rxd7) 23. Ng5 $18 ({Less strong is} 23. Nxc7 Rac8 $18) 23... Rac8 $2 {[#]} (23... Rad8 24. Rbe1 Nb6 25. Nxb6 cxb6 26. Rxf7 Qd5 27. Rxf8+ Bxf8 28. Qxd5+ Rxd5) 24. Nxf7 $1 {[%mdl 512] White is clearly winning.} Rxf7 25. Rxf7 Kxf7 26. Nb6+ {[%mdl 64] Discovered Attack. Accuracy: White = 45%, Black = 22%.} 1-0

[Event "XIX Najdorf Memorial 2019"]
[Site "Warsaw"]
[Date "2019.07.14"]
[Round "9.4"]
[White "Bernadskiy, Vitaliy"]
[Black "Fedorov, Alexei"]
[Result "1-0"]
[WhiteElo "2594"]
[BlackElo "2551"]
[Annotator "ChessBase"]
[PlyCount "67"]
[EventDate "2019.07.06"]
[EventType "swiss"]
[EventCountry "POL"]
[SourceTitle "playchess.com"]
[Source "ChessBase"]
[SourceQuality "1"]
[TimeControl "40/5400+30:1800+30"]

1. d4 {[%emt 0:00:00]} Nf6 {[%emt 0:00:00]} 2. c4 {[%emt 0:00:00]} g6 {[%emt 0:00:00]} 3. Nc3 {[%emt 0:00:00]} Bg7 {[%emt 0:00:00]} 4. e4 {[%emt 0:00:00]} d6 {[%emt 0:00:05]} 5. h3 {[%emt 0:00:00]} O-O {[%emt 0:00:27]} 6. Be3 {[%emt 0:00:00]} Na6 {[%emt 0:02:03]} 7. g4 {[%emt 0:04:02]} e5 {[%emt 0:03:20]} 8. d5 {[%emt 0:00:18]} Nc5 {[%emt 0:00:05]} 9. f3 {[%emt 0:02:35]} c6 {[%emt 0:00:54]} 10. Qd2 {[%emt 0:04:41]} cxd5 {[%emt 0:03:07]} 11. cxd5 {[%emt 0:00:14]} Bd7 {[%emt 0:00:49]} 12. Nge2 {[%emt 0:03:21]} h5 {[%emt 0:01:58]} 13. Rg1 {[%emt 0:11:38]} Rc8 {[%emt 0:05:12]} 14. Rd1 {[%emt 0:10:38]} Qa5 {[%emt 0:16:07]} 15. Ng3 {[%emt 0:02:49]} Kh7 {[%emt 0:34:03]} 16. gxh5 {[%emt 0:02:43]} gxh5 {[%emt 0:02:19]} 17. Rb1 {[%emt 0:07:47]} Na4 {[%emt 0:06:05]} 18. b4 {[%emt 0:04:26]} Qc7 {[%emt 0:02:52]} 19. Nxa4 {[%emt 0:01:11]} Bxa4 {[%emt 0:00:08]} 20. Nf5 {[%emt 0:00:04]} Rg8 {[%emt 0:01:19]} 21. Bxa7 {[%emt 0:18:27]} Bf8 {[%emt 0:02:03]} 22. Rxg8 {[%emt 0:00:10]} Nxg8 {[%emt 0:00:45]} 23. Be3 {[%emt 0:00:05]} Ne7 {[%emt 0:01:21]} 24. Ng3 {[%emt 0:01:11]} h4 {[%emt 0:02:00]} 25. Ne2 {[%emt 0:00:17]} Bd7 {[%emt 0:03:40]} 26. b5 {[%emt 0:02:23]} Qc4 {[%emt 0:04:29]} 27. Rb4 {[%emt 0:01:44]} Qc7 {[%emt 0:00:19]} 28. b6 {[%emt 0:00:33]} Qb8 {[%emt 0:03:33]} 29. f4 {[%emt 0:02:20]} exf4 {[%emt 0:00:48]} 30. Nxf4 {[%emt 0:00:13]} Bg7 {[%emt 0:00:54]} 31. Bd4 {[%emt 0:00:36]} Bh6 {[%emt 0:01:47]} 32. Qd1 {[%emt 0:02:00]} Ng6 {[%emt 0:00:30]} 33. Nh5 {[%emt 0:00:17]} Ne5 {[%emt 0:00:46]} 34. Nf6+ {[%emt 0:00:27]} 1-0

[Event "XIX Najdorf Memorial 2019"]
[Site "Warsaw"]
[Date "2019.07.14"]
[Round "9.5"]
[White "Bednarek, Sylwester"]
[Black "Grib, Roman"]
[Result "0-1"]
[WhiteElo "2291"]
[BlackElo "2421"]
[Annotator "ChessBase"]
[PlyCount "86"]
[EventDate "2019.07.06"]
[EventType "swiss"]
[EventCountry "POL"]
[SourceTitle "playchess.com"]
[Source "ChessBase"]
[SourceQuality "1"]
[TimeControl "40/5400+30:1800+30"]

1. d4 {[%emt 0:01:05]} Nf6 {[%emt 0:00:00]} 2. Bg5 {[%emt 0:00:05]} Ne4 {[%emt 0:00:00]} 3. Be3 {[%emt 0:00:04]} d5 {[%emt 0:00:00]} 4. Nf3 {[%emt 0:00:06]} g6 {[%emt 0:00:16]} 5. g3 {[%emt 0:00:09]} Bg7 {[%emt 0:00:12]} 6. Qc1 {[%emt 0:07:30]} h6 {[%emt 0:11:52]} 7. Nc3 {[%emt 0:07:25]} c5 {[%emt 0:01:57]} 8. Nd1 {[%emt 0:06:21]} Nc6 {[%emt 0:05:38]} 9. c3 {[%emt 0:00:40]} Qa5 {[%emt 0:21:08]} 10. a3 {[%emt 0:23:12]} cxd4 {[%emt 0:04:29]} 11. b4 {[%emt 0:00:03]} Qb6 {[%emt 0:01:03]} 12. cxd4 {[%emt 0:01:37]} Nxd4 {[%emt 0:04:23]} 13. Nxd4 {[%emt 0:00:07]} Bxd4 {[%emt 0:00:04]} 14. Bg2 {[%emt 0:00:06]} Bf5 {[%emt 0:08:00]} 15. Bxe4 {[%emt 0:00:07]} dxe4 {[%emt 0:01:40]} 16. O-O {[%emt 0:03:52]} Bh3 {[%emt 0:10:27]} 17. Re1 {[%emt 0:01:35]} O-O {[%emt 0:02:37]} 18. Bxd4 {[%emt 0:02:15]} Qxd4 {[%emt 0:00:04]} 19. Ra2 {[%emt 0:00:05]} Be6 {[%emt 0:01:16]} 20. Rd2 {[%emt 0:00:32]} Qe5 {[%emt 0:00:07]} 21. Ne3 {[%emt 0:00:25]} Rac8 {[%emt 0:03:45]} 22. Qa1 {[%emt 0:01:00]} Qxa1 {[%emt 0:02:12]} 23. Rxa1 {[%emt 0:00:03]} f5 {[%emt 0:02:26]} 24. Kf1 {[%emt 0:02:26]} Kf7 {[%emt 0:01:35]} 25. Ke1 {[%emt 0:00:02]} g5 {[%emt 0:00:49]} 26. Rd4 {[%emt 0:01:10]} Rc3 {[%emt 0:01:55]} 27. b5 {[%emt 0:00:18]} Rfc8 {[%emt 0:00:56]} 28. Nd1 {[%emt 0:01:51]} Rb3 {[%emt 0:03:09]} 29. Rb4 {[%emt 0:00:15]} Rc5 {[%emt 0:00:35]} 30. b6 {[%emt 0:01:12]} a5 {[%emt 0:00:55]} 31. Rxb3 {[%emt 0:02:35]} Bxb3 {[%emt 0:00:04]} 32. a4 {[%emt 0:00:28]} f4 {[%emt 0:02:19]} 33. gxf4 {[%emt 0:00:17]} gxf4 {[%emt 0:00:04]} 34. Ra3 {[%emt 0:00:35]} Bxd1 {[%emt 0:04:09]} 35. Kxd1 {[%emt 0:00:02]} Kf6 {[%emt 0:04:36]} 36. Kd2 {[%emt 0:00:10]} Rc4 {[%emt 0:00:36]} 37. Rc3 {[%emt 0:00:37]} Rxc3 {[%emt 0:01:57]} 38. Kxc3 {[%emt 0:00:02]} Ke5 {[%emt 0:00:04]} 39. Kc4 {[%emt 0:00:02]} Kd6 {[%emt 0:00:14]} 40. Kb5 {[%emt 0:00:00]} e5 {[%emt 0:00:00]} 41. h4 {[%emt 0:10:36]} h5 {[%emt 0:01:43]} 42. Kc4 {[%emt 0:04:42]} Kc6 {[%emt 0:00:33]} 43. e3 {[%emt 0:00:02]} f3 {[%emt 0:01:27]} 0-1